पर्यावरणीय पारिस्थितिकी, जेव विविधता, जलवायु परिवर्तन एवं आपदा प्रबंधन (Record no. 66274)
[ view plain ]
| 000 -LEADER | |
|---|---|
| fixed length control field | 00461nam a22001097a 4500 |
| 082 ## - DEWEY DECIMAL CLASSIFICATION NUMBER | |
| Classification number | 333 |
| 100 ## - MAIN ENTRY--AUTHOR NAME | |
| Personal name | अग्रहरि,रवि पी |
| 245 ## - TITLE STATEMENT | |
| Title | पर्यावरणीय पारिस्थितिकी, जेव विविधता, जलवायु परिवर्तन एवं आपदा प्रबंधन |
| 260 ## - PUBLICATION, DISTRIBUTION, ETC. (IMPRINT) | |
| Place of publication | Channai |
| Name of publisher | McGraw Hill |
| Year of publication | 2023 |
| 650 ## - SUBJECT ADDED ENTRY--TOPICAL TERM | |
| Topical Term | पर्यावरण |
| 942 ## - ADDED ENTRY ELEMENTS (KOHA) | |
| Koha item type | Hindi Books |
| Withdrawn status | Lost status | Damaged status | Not for loan | Home library | Current library | Date acquired | Full call number | Accession Number | Price effective from | Koha item type |
|---|---|---|---|---|---|---|---|---|---|---|
| MACL | MACL | 29/10/2023 | 333 | DPI001540 | 29/10/2023 | Hindi Books |









